| 000 | 00357nam a2200145Ia 4500 | ||
|---|---|---|---|
| 005 | 20240823064202.0 | ||
| 008 | 240823s9999||||xx |||||||||||||| ||und|| | ||
| 082 | _A005.4469 P2 | ||
| 100 | _a"Bolante,Antony" | ||
| 245 | 0 | _aAdobe After Effects | |
| 260 |
_c2002 _b"Peachpit,L" |
||
| 500 | _aYES | ||
| 650 |
_aWindows _bComputer Applications |
||
| 942 | _cNB | ||
| 999 |
_c240105 _d240105 |
||